00847nam a2200205 a 450000100100000000500170001000800410002704000250006808200210009310000400011424500570015426000700021130000280028159000260030965000280033565000310036391000380039495201920043299900170062400003295520240412074256.0110804s1994 dr r 000 p spa d aDO-SdBNPbspacBNPHU aRD861.44bG216pr1 aGarcía, Ramón Bernardino95869810aPresencia sin tiempo /cRamón Bernardino García. aSanto Domingo :bTaller de Encuadernación Bibliófilos,c1994. a195 p. :bil. ;c22 cm. aInventariado, 2018/BT 0aPoesía dominicana966 0aLiteratura dominicana.967 aValidado. Control de calidad. MFF 0010718PDaPDbPDcHDd2011-08-04iLF1l0oRD861.44 G216prp32955-10r2020-06-25w2020-06-25yLFPDzPerteneció a la biblioteca personal de Juan Isidro Jimenes Grullón.ZNo se presta c32446d32446